[Event "World-ch Carlsen-Karjakin +1-1=10"]
[Site "New York"]
[Date "2016.11.17"]
[Round "5"]
[White "Carlsen, Magnus"]
[Black "Karjakin, Sergey"]
[Result "1/2-1/2"]
[WhiteElo "2853"]
[BlackElo "2769"]
[Annotator "Nunn,John DM"]
[PlyCount "102"]
[EventDate "2016.11.11"]
[EventType "match"]
[EventRounds "12"]
[EventCountry "USA"]
[SourceTitle "CBM 176"]
[Source "ChessBase"]
[SourceDate "2017.01.17"]
[SourceVersion "1"]
[SourceVersionDate "2017.01.17"]
[SourceQuality "1"]

{Carlsen had pressed strongly in Games 3 and 4 so now, with the white pieces in front of him, would this be the game for the champion's breakthrough in the match?} 1. e4 e5 2. Nf3 Nc6 3. Bc4 {So far Carlsen has adopted three different openings in his three games with White. Gone are the days of Alekhine-Capablanca when they played the Queen's Gambit Declined in almost every one of the 34 games.} Bc5 4. O-O Nf6 5. d3 {The quiet form of the Giuoco Piano, often called the Giuoco Pianissimo. White aims for a slow build-up, sometimes trying to gain space on the queenside with c3 and b4, or playing for a delayed action in the centre after transferring the knight from b1 to d2, f1 and g3, much as in the Spanish. It's tempting to just comment that such quiet methods are unlikely to bring White much of an objective advantage, but that isn't the way Carlsen plays. Like another world champion, Emanuel Lasker, he is often not so concerned with playing the most critical lines, but more in reaching a position in which he can show his strengths. Quiet methods have secured Carlsen many victories from positions that initially didn't appear to offer many winning chances.} O-O 6. a4 {But this is really unusual.} ({White generally prefers to prepare central expansion by} 6. c3 {or to pin the knight by}) (6. Bg5 {The ChessBase online database gives a mere 22 games with this move, with White scoring a respectable 66%.}) 6... d6 7. c3 {Now we have transposed into a more standard line. Black has to take action against the threat to trap his bishop.} a6 8. b4 Ba7 9. Re1 Ne7 {A standard plan in such positions. Black transfers his knight to the kingside in order to generate play there. With only one minor piece on that side of the board, White is slightly vulnerable there especially if he does not undertake the knight transfer to g3.} (9... Ng4 {can be met by} 10. Ra2 {a benefit of White's early queenside pawn advance.}) 10. Nbd2 Ng6 11. d4 {I'm not very enthusiastic about this move, even though my computer likes it. Is White playing on the queenside or in the centre? True, the knight transfer to g6 has weakened Black's hold on d4, allowing White to push in the centre, but it is better to wait for this type of move until White is more prepared. Playing d3 and then d4 involves an inevitable loss of tempo and White's development is not yet good enough to give a central advance any real bite.} c6 {A good response by Karjakin. Noting the slight fragility in White's position, he prepares to play actively in the centre himself.} 12. h3 {It's unfortunate that White has to play another non-developing move, but} (12. Nf1 {is strongly met by} Bg4 {White has not achieved any advantage from the opening.}) 12... exd4 $6 {Karjakin plans to break apart White's centre, but the results are not especially favourable. He could have kept the balance by the simple} (12... Re8 {or, if he really wanted some central action, by}) (12... d5) 13. cxd4 Nxe4 $146 ({RR} 13... d5 14. exd5 Nxd5 15. Qb3 Be6 16. b5 axb5 17. axb5 Ndf4 18. Bxe6 Nxe6 19. Ba3 Nxd4 20. Nxd4 Bxd4 21. Rad1 Re8 22. Ne4 Qb6 23. Nd6 Rxe1+ 24. Rxe1 Bxf2+ 25. Kh1 Bxe1 26. Qxf7+ Kh8 27. Bb2 Rg8 28. Nf5 {Karjakin,S (2785)-Leko,P (2693) Doha 2016 1-0}) ({RR} 13... d5 14. Bd3 dxe4 15. Nxe4 Nxe4 16. Bxe4 Be6 17. b5 Bd5 18. bxa6 bxa6 19. Qd3 Bxe4 20. Qxe4 Re8 21. Qxe8+ Qxe8 22. Rxe8+ Rxe8 23. Bd2 f6 24. Rc1 {½-½ (24) Malakhov,V (2666)-Tomashevsky,E (2702) Biograd 2018}) 14. Bxf7+ $1 {A somewhat surprising decision, but a good one.} (14. Nxe4 d5 15. Bd3 dxe4 16. Bxe4 Be6 {doesn't give White anything, so Carlsen prefers to keep his knights, which are effective despite the relatively open position.}) 14... Rxf7 15. Nxe4 d5 16. Nc5 (16. Neg5 $6 Rf6 {only puts the g5-knight in jeopardy.}) 16... h6 {Ruling out any possible ideas involving g5 followed by h5.} 17. Ra3 {Thanks to White's earlier queenside advance, White can save time by doubling rooks without developing the c1-bishop first.} Bf5 18. Ne5 {This looks slightly premature. White would have had more chances of an advantage with the natural} (18. Rae3 Qf6 19. Ne5 Re7 20. Nxg6 Rxe3 21. Rxe3 Bxg6 22. Qe2 {with a solid control of the open file, although admittedly any advantage is rather slight.}) 18... Nxe5 19. dxe5 (19. Rxe5 {achieves nothing after} Bb8 20. Nxb7 Qf6 21. Re8+ Kh7 {attacking the knight and threatening ...h2+.}) 19... Qh4 {Attacking b4 and taking aim at f2.} 20. Rf3 {A good defensive move maintaining the balance.} Bxc5 $6 ({The tactical justification for White's play is} 20... Qxb4 $2 21. Ba3 Qa5 22. e6 Rf6 23. Nxb7 Qb6 24. e7 {and wins, but Karjakin's response is not the best.}) (20... Bg6 21. Rxf7 Bxf7 {would have been fine for Black, since the e-pawn is not well enough supported to be a real danger.}) 21. bxc5 {The exchange on c5 has altered the structure of the position. White's queenside pawns are broken, but they are not really vulnerable, while Black's b-pawn is now permanently backward. Perhaps the main worry for Black is that White's 4 vs 2 kingside majority is far more mobile than Black's queenside pawns. The outlines of real problems for Black are visible in the position and it is surprising that Karjakin went in for a line which allowed Carlsen to exercise his famous grinding skills when he had a reasonable alternative which kept some active play.} Re8 {.} 22. Rf4 Qe7 23. Qd4 {White now a very safe advantage. At the moment it may appear small, but it could easily increase. The big question is whether White can advance his kingside pawns without exposing his king too much.} Ref8 24. Rf3 Be4 25. Rxf7 Qxf7 26. f3 Bf5 27. Kh2 ({It might appear that White can start pushing his pawns at once, but after} 27. g4 Qg6 28. Kh2 Be6 29. f4 Qc2+ 30. Bd2 g6 31. Rg1 Kf7 {Black sets up a line of defence which is hard to break through. Carlsen therefore manoeuvres in the hope of finding a more favourable moment to start his pawn advance. However, the extra time allows Black to improve his position and it becomes more rather than less difficult to advance the pawns.}) 27... Be6 28. Re2 Qg6 29. Be3 Rf7 30. Rf2 Qb1 31. Rb2 Qf5 32. a5 Kf8 {An interesting plan. If White does eventually push on the kingside, it could be that Black's king will be a tactical weakness. Karjakin therefore decides to transfer his king to the queenside, where his numerical superiority of pawns offers good shelter. Additionally, the king can defend the b7-pawn, relieving his other pieces of a rather menial job.} 33. Qc3 {Carlsen cannot see any way to make progress, and for the moment just moves around without achieving very much.} Ke8 34. Rb4 g5 $1 {An interesting and highly committal decision. Black could have set up a light-square blockade with ...g6, aiming to hold on to the f5-square at all costs, but he decides instead to take pre-emptive action to prevent White's pawns even getting as far as f4 and g4. The danger is that in any ending the kingside pawns on dark squares will be vulnerable to attack by White's bishop, especially if his king is far away on the queenside. In my view, Karjakin made the right decision and, by taking action himself rather than simply waiting, he has forced Carlsen to come up with a counterplan.} 35. Rb2 Kd8 36. Rf2 Kc8 37. Qd4 Qg6 {Black is now even ready to play ...h5 followed by ...g4, which would completely kill any winning prospects for White, so Carlsen decides to block Black's advance.} 38. g4 h5 39. Qd2 Rg7 {I don't see how White can make progress here since any pawn advance of the kingside would expose the white king too much. If White could swap off the major pieces the g5-pawn would fall, but there is no way to achieve this.} 40. Kg3 Rg8 41. Kg2 $2 {This move, which blocks the path of White's major pieces to the h-file is a serious error after which White is even worse. Any normal move, such as} (41. Rh2 {would have maintained the balance.}) 41... hxg4 42. hxg4 (42. fxg4 $2 Qe4+ 43. Kg1 Rh8 {loses at least a pawn,.}) 42... d4 $1 {Karjakin strikes with a pawn sacrifice allowing him to activate his bishop.} ({This is even stronger than} 42... Qh6 43. Qd4 {White must block the d-pawn since} (43. Kf1 d4 44. Bxd4 Qh1+ 45. Ke2 Rd8 {gives Black a very dangerous attack}) 43... Rh8 44. Kf1 Qh1+ 45. Ke2 Qb1 46. Bxg5 {when White can at least run with his king to f4.}) 43. Qxd4 (43. Bxd4 Qh7 44. Kg1 Qh3 45. Qe2 Rf8 46. Rh2 Qg3+ 47. Rg2 Qxf3 48. Qxf3 Rxf3 {is an unpleasant ending for White, since all his pawns are weak, but this might actually have been the lesser evil.}) 43... Bd5 $2 {Karjakin fails to make the most of his chances. After} (43... Rh8 44. Qe4 Qh6 45. Kf1 Qh1+ 46. Ke2 Bd5 {would have been deeply unpleasant for White. His king is floating around in the middle of the board, while Black's piece press from all sides. After} 47. Qd3 Qa1 48. Bxg5 Qxe5+ 49. Be3 Qa1 {it is unlikely that White will survive in the long run. As is so often the case in opposite-coloured bishop positions with major pieces, it's the initiative and attacking chances which count, and not the odd pawn or two.}) 44. e6 {In an echo of Karjakin's ...d4, Carlsen returns the pawn in order to gain space for his pieces. However, it would have been even simpler to play} (44. Kg3 {allowing the rook to switch to h2, after which I can see nothing for Black.}) 44... Qxe6 ({Or} 44... Qh7 45. e7 Qxe7 46. Bd2 Qh7 47. Qf6 Rh8 48. Qf5+ Qxf5 49. gxf5 g4 50. Kg3 gxf3 {and with his king active White should have no trouble holding the ending.}) 45. Kg3 {The crisis is essentially over and the game is once more on course for a draw.} Qe7 46. Rh2 Qf7 47. f4 {Further activating White's pieces and fully equalising.} gxf4+ 48. Qxf4 (48. Bxf4 Qf5 49. g5 {was also safe for White.}) 48... Qe7 49. Rh5 Rf8 50. Rh7 Rxf4 51. Rxe7 Re4 {Forcing the draw.} ({After} 51... Re4 52. Rxe4 Bxe4 53. Kf4 Bd3 54. Ke5 Kd7 55. Kf6 Ke8 56. Bh6 Bc2 57. g5 Bd3 58. g6 Bc2 59. g7 Bb3 {Black is not in any danger.}) 1/2-1/2

[Event "World-ch Carlsen-Karjakin +1-1=10"]
[Site "New York"]
[Date "2016.11.18"]
[Round "6"]
[White "Karjakin, Sergey"]
[Black "Carlsen, Magnus"]
[Result "1/2-1/2"]
[WhiteElo "2769"]
[BlackElo "2853"]
[Annotator "Hillarp Persson,Tiger"]
[PlyCount "64"]
[EventDate "2016.11.11"]
[EventType "match"]
[EventRounds "12"]
[EventCountry "USA"]
[SourceTitle "CBM 176"]
[Source "ChessBase"]
[SourceDate "2017.01.17"]
[SourceVersion "1"]
[SourceVersionDate "2017.01.17"]
[SourceQuality "1"]

1. e4 e5 {I have spent my entire life as a chess player, trying to find assymetry where I can find it. Magnus and Sergey operate from a more elevated view-point than mine, and although they both occasionaly flirt with assymmetry, I do not get the feeling that they believe it merits a proper relationship.} 2. Nf3 Nc6 3. Bb5 ({In a sense the Ruy Lopez is a little more ambitious than the G-whatever Piano (In Swedish we call it "the Italian", so I'm excused for not acing the spelling bee). If we continue down the rabbit hole with} 3. Bc4 Bc5 4. O-O Nf6 5. d3 O-O {, there is a big difference between... this position, compared to the more easily spelled sibling; that Black has still not moved the pawns on the queenside. This difference means that Black has fewer weaknesses to take care of and it could turn out to be the whole difference between a win and a big advantage (for White) later in the game.}) 3... a6 ({I believe it was Julian Hodgson who said that the only problem with 1.e4, compared to 1.d4, is that the e4-pawn is hanging. After} 3... Nf6 4. O-O Nxe4 {we reach one such position, the Berlin Defence. (The Petroff is another)} 5. Re1 Nd6 6. Nxe5 Be7 7. Bf1 Nxe5 8. Rxe5 O-O {was seen in game three of the match. Black argues that a reasonably symmetrical position makes White's extra tempo less important. Time has told it is a decent argument.}) 4. Ba4 Nf6 5. O-O Be7 6. Re1 (6. d3 b5 7. Bb3 d6 8. a3 {was played in the second game of the match. The main difference here is that Black can play d6 before 0-0 without having to fear a rapid c3/d4, which would lead to the one of the old main lines.} (8. a4 {is also played frequently, but after} Bd7 {has been doing quite well lately.})) 6... b5 7. Bb3 O-O {It sounds ridiculous to call such a move "critical", but in a sense it is.} ({The reason is that} 7... d6 8. c3 O-O 9. h3 {leads to a one of the biggest theoretical tablelands in chess, whereas the game move avoids that altogether by meeting 8.c3 with 8...d5. In days of old, this line, the "Marshall Attack", led to slugfest bonanzas, but in the age of engine-guided preparations it has a tendency to end in draws. This explains why a defensively minded wielder of the dark forces is naturally drawn to the Marshall Attack.}) 8. h3 {The consequence of Karjakin's last move is that White is forced to play this move, unless he is happy to enter the "old" lines after 8...d6 9.c3.} (8. a4 {After} Bb7 9. d3 Re8 (9... d6 {is more popular.}) 10. Nc3 Nd4 11. axb5 Nxb3 12. cxb3 axb5 13. Rxa8 Bxa8 14. Nxb5 d5 {Dominguez Perez,L (2730)-Carlsen,M (2850) World Rapid 2015, Black equalised with ease.}) (8. c3 d5 9. exd5 Nxd5 10. Nxe5 Nxe5 11. Rxe5 c6 {is the starting position of the above mentioned Marshall Attack. I'm too old to try to get familiar with it. Perhaps I would, if jailed by nazis and left with only a monograph (written by Peter Svidler) to fend for my sanity, eventually be able to say something sensible about this position. And although the likelihood of this scenario has increased lately, I'm afraid that you'll have to wait until some time next year, at least. (Seeing the draw looming twenty moves ahead, you'll have to excuse me for trying to pump up the drama a bit.)}) 8... Bb7 {The most natural move if Black wants to avoid} 9. d3 (9. c3 $6 d5 $1 {is nice for Black. It is not recommended to play} 10. exd5 Nxd5 11. Nxe5 $2 (11. d4) 11... Nxe5 12. Rxe5 Nf4 {, when catastrophe strikes the white camp. Reading the unfulfilled expectations of some kibitzers, I get the feeling that they expect something like this, and nothing less. Sorry guys. You should stick with risk.}) 9... d5 $5 {This Marshall Attack-inspired gambit can hardly have come as a surprise for Karjakin, partly because it is a main line and partly because it is played to draw. Especially the latter reason should have appealed to Magnus after yesterday's rather wobbly performance.} ({In a rapid game against Zhigalko last year, Magnus played} 9... d6 10. a3 Nb8 11. Nbd2 Nbd7 12. Nf1 Re8 13. Ng3 Bf8 14. Ng5 d5 15. exd5 Nc5 16. c4 {and had to fight to equalise.}) 10. exd5 Nxd5 11. Nxe5 ({Neither of the players has room to deviate. Here} 11. a4 Nd4 $1 {equalises immediately.}) 11... Nd4 $1 {Compared to the Marshall Attack, Black doesn't have as much of an attack here. The compensation is of a more positional character. While the bishop on b7 roams freely, Black's queenside pawns don't have to worry about a2-a4 (since xb3 would completely ruin White's pawn structure) and c7-c5 will take a lot of space. From a White perspective, the c2-pawn has to be taken care of and the knight on e5 turns out to be in a rather awkward position...} 12. Nc3 Nb4 ({An instructive illustration of my last comment about the knight on e5:} 12... Nxb3 13. axb3 Nb4 14. Bd2 f6 $1 15. Ng4 f5 $1 {The pawn is accelerated forward as it attacks the knight.} 16. Ne5 Bd6 17. Na2 Bxe5 18. Rxe5 Nc6 19. Re1 f4 20. Bc3 $6 ({Black also has a strong attack after} 20. f3 Nd4 21. Rf1 Rf6) 20... f3 21. Re4 a5 $5 22. b4 {and now, instead of} axb4 {which was unclear, in Timofeev,A (2658)-Sokolov,I (2655) Sarajevo 2007, Black should have played} (22... Ne7 $1 {, with a very strong attack.})) 13. Bf4 {Perhaps there is nothing better here, but this move doesn't feel right to me. Why? There is something about putting the bishop in the line of fire (g5/d5) and striving to tuck it in on h2 that rings false. I'd prefer to put it on c3. On the other hand the bishop is not obstructing the queen and could come to e5. After weighing the pros and cons, I must disagree with my first instinct. It does indeed make sense.} ({I'd probably spend some time on} 13. Bd2 {according to the principle "less is more" (and "don't put the bishop on a square where it is likely to be attacked").}) (13. Ne4 {has been played a number of times and the lines after} Nxb3 14. axb3 Qd5 15. Nf3 f5 {seem to hold no danger to Black.}) 13... Nxb3 14. axb3 c5 15. Ne4 {Karjakin is trying to prove that the inclusion of f4 and ...c5 somehow favours White.} f6 $1 {According to the reports I read, Carlsen continued to blitz out the moves even now, so it's pretty clear that this was all part of his preparations.} 16. Nf3 f5 $1 {A recurring idea leaving White with little choice.} 17. Neg5 $1 (17. Ng3 Bxf3 $1 {and it becomes obvious why the attack on the c2-pawn is a problem for White:} 18. gxf3 (18. Qxf3 Nxc2 $19) 18... Bf6 $36) (17. Ned2 {is the most ambitious move, since it keeps some pieces on the board. After} Bf6 18. Be5 Re8 19. Rc1 h6 20. Re2 {What else?} Bxe5 21. Nxe5 Nd5 {White cannot let the knight land on f4 and} 22. g3 f4 {gives Black a nasty initiative. So, it seems that the most ambitious move was less than good.}) 17... Bxg5 18. Nxg5 h6 $1 19. Ne6 Qd5 20. f3 Rfe8 {The last five moves have basically been forced, but now White has two alternatives; one human and one non human.} 21. Re5 (21. Nc7 Qd4+ 22. Kh1 Rxe1+ 23. Qxe1 Qxf4 24. Nxa8 Nxc2 {looks like absolute disaster for White from afar, but in fact White can get a draw in more than one way. One pretty line is} 25. Qe8+ Kh7 26. Nb6 $3 Nxa1 27. Nd7 {and Black has no defence against the f8/ d7-pendulum.}) 21... Qd6 22. c3 $146 {The challenger goes for the draw in the most solid manner.} ({The more complicated} 22. Re2 {also ends up in equality after} Qd7 23. Nc7 (23. Nxc5 $2 Qd4+) 23... Rxe2 24. Qxe2 Rc8 25. Re1 Qd4+ 26. Qe3 Nxc2 27. Qxd4 Nxd4 28. Re7 {Alas, how forced!} Nc6 29. Rd7 Rd8 30. Rxd8+ Nxd8 31. Bd6 Kf7 32. Bxc5 Ne6 33. Nxe6 Kxe6 {is a most drawish draw.}) ({RR} 22. Qe2 Rxe6 23. Rxe6 Qxf4 24. c3 Nd5 25. Re8+ Rxe8 26. Qxe8+ Kh7 27. Qd7 Qd2 28. Qxf5+ Kh8 29. Qf8+ Kh7 30. Kh1 Nf4 31. Qf5+ Kh8 32. Qg4 Nxd3 33. Qg3 Kh7 34. Kh2 Qxb2 35. Rd1 Qc2 36. Rf1 Qxb3 {Gimenez Aguirre,A (2273)-Fuentes,A (1898) Buenos Aires ARG 2023 0-1 (45)}) ({RR} 22. Qe2 Rxe6 23. Rxe6 Qxf4 24. c3 Nd5 25. Re8+ Rxe8 26. Qxe8+ Kh7 27. Qd7 Qd2 28. Qxf5+ Kh8 29. Qf8+ Kh7 30. Kh1 Nf4 31. Qf5+ Kh8 32. Qg4 Nxd3 33. Qg3 Kh7 34. Kh2 Qxb2 35. Rd1 Qc2 36. Rf1 Qxb3 {Gimenez Aguirre,A (2273)-Fuentes,A (1898) Buenos Aires ARG 2023 0-1 (45)}) 22... Rxe6 23. Rxe6 Qxe6 24. cxb4 cxb4 {If White was allowed to play d4, e5 and then put the queen or rook in such a place from where it would keep an eye on g7; then White would be better.} 25. Rc1 Rc8 {But Carlsen will not let White have three moves for free.} 26. Rxc8+ Qxc8 27. Qe1 Qd7 28. Kh2 a5 29. Qe3 Bd5 30. Qb6 Bxb3 31. Qxa5 Qxd3 32. Qxb4 Be6 {Next Black will put the queen on d7 and the position will reach a state of zero entropy. So, draw agreed.} 1/2-1/2